Готвенето : (Запис номер 329328)
[ съкратено ]
| 000 -Лидер | |
|---|---|
| Контролно поле с фиксирана дължина | 01402nam a2200301 a 4500 |
| 003 - Код на организацията, давaща контролен номер | |
| Контролно поле | BLK |
| 005 - Дата и час на последна редакция | |
| Контролно поле | 20231031110450.0 |
| 008 - Елементи от данни с фиксирана дължина | |
| fixed length control field | 190221b bu |||gr|||| 00| 0 bu d |
| 020 ## - Международен стандартен номер на книга ISBN | |
| Международен стандартен номер на книга ISBN | 9786190102335 |
| 040 ## - Източник на каталожния запис | |
| Идентификатор на билиотеката - собственик на записа | BLK |
| 041 ## - Код за език | |
| Код за езика на текст/звукозапис или на отделно заглавие | Български |
| Код за езика КДБФ | Български |
| 080 ## - УДК | |
| Текстов определител УДК | Хранителни продукти. Приготвяне на храната |
| УДК код - определител по УДК | 641 |
| УДК определител | (0:82-94) |
| УДК - код + определител | 641(0:82-94) |
| 080 ## - УДК | |
| Текстов определител УДК | Американска литература (на САЩ) |
| УДК код - определител по УДК | 821.111(73) |
| УДК определител | -94 |
| УДК - код + определител | 821.111(73)-94 |
| 100 ## - Редна дума - Автор | |
| R(LIN) | 323736 |
| Автор | Полан, Майкъл |
| Авторска отговорност | първи автор |
| 139 ## - Редно поле | |
| Редна дума | Полан, Майкъл |
| Авторски знак | Пол - П 69 |
| 245 ## - Сведения за заглавието | |
| Заглавие | Готвенето : |
| Подзаглавни данни | Естествена история на трансформацията |
| Редно поле (дума) | Майкъл Полан ; прев. от англ. Мария Кондакова |
| 260 ## - Област на издателските данни | |
| 9 (RLIN) | 210881 |
| Място на издаване, разпространение и проч. | София |
| Име на издателя, разпространителя и проч. | Изток-Запад |
| Година на издаване | 2018 |
| 300 ## - Физическа характеристика | |
| Страници | 488 с. |
| Размери/Мащаб | 22 см |
| 380 ## - Жанр | |
| Жанр | Техника |
| 500 ## - Общи забележки | |
| Забележка | Ориг. загл.: Cooked: a natural history of transformation / Michael Pollan. - Азб. показалец<br/> |
| 650 #7 - Допълнително описание по предмет – тема | |
| 9 (RLIN) | 152335 |
| Основно описание – тема или топоним | Готварство |
| 700 ## - Други автори (авторска отговорност) | |
| Лично име | Кондакова, Мария Атанасова |
| Дати, свързани с автора | 1969 - |
| Друга информация | Преводач от английски език |
| 9 (RLIN) | 286302 |
| 852 ## - Местоположение | |
| Форматна сигнатура | Цб 293864 |
| 852 ## - Местоположение | |
| Фондова буква | Заемна - подръчен фонд |
| Систематично-азбучна сигнатура | 641/П 69 М |
| 999 ## - СИСТЕМНИ КОНТРОЛНИ НОМЕРА | |
| Koha biblionumber | 329328 |
| Koha biblioitemnumber | 329328 |
| 942 ## - АРТИКУЛИ | |
| Вид на библиотечния материал | Книги |
| Скрит в OPAC | Не |
| Периодичен библиозапис | Да |
| Koha issues (borrowed), all copies | 4 |
| 944 ## - СЪЗДАВАНЕ И РЕДАКЦИЯ на ЗАПИСА | |
| Създаване/Редакция | Създаване |
| Дата на регистрацията/редакция | 2019-02-21 |
| Служител, извършил регистрацията/редакцията | 30560 |
| Статус, дата на статуса | Геновева Генчева |
| 944 ## - СЪЗДАВАНЕ И РЕДАКЦИЯ на ЗАПИСА | |
| Създаване/Редакция | Редакция |
| Дата на регистрацията/редакция | 2021-11-04 |
| Служител, извършил регистрацията/редакцията | ГГГ |
| Код за отписване | Код за изгубен артикул | Източник на класификационната схема | Код за повреда | Коз за рестрикции | Код за отдаване | Артикулен № | Име на библиотеката - собственик | Име на библиотеката, в която се намира в момента | Статус (Текущо местоположение) | Дата на вписване в системата | Местоположение - отдел | Цена в лева | Систематично азбучна сигнатура | Баркод | Цена в евро | Служебен тип на артикула |
|---|---|---|---|---|---|---|---|---|---|---|---|---|---|---|---|---|
| Не е изгубен | Universal Decimal Classification | Не е повреден | без рестрикции | ползва се в читалня | 690199 | Регионална библиотека "Любен Каравелов" Русе | Регионална библиотека "Любен Каравелов" Русе | Хранилище | 2019-02-22 | Хранилище | 25.00 | Цб 293864 | 120000830121 | 12.78 | Книги | |
| Не е изгубен | Universal Decimal Classification | Не е повреден | без рестрикции | заемане за дома | 860530 | Регионална библиотека "Любен Каравелов" Русе | Регионална библиотека "Любен Каравелов" Русе | Заемна - подръчен фонд | 2021-11-08 | Заемна - подръчен фонд | 17.50 | 641/П 69 М | 120000861995 | 8.95 | Книги |